1164 1913 1560 1236 1142 1745 1306 1441 1445 1615 1350 1840 1999 1209 1832 1894 1376 1109 1734 1424 1723 1017 1277 1859 1769 1321 1049 1963 1980 1176 1886 1809 1877 1198 1263 1487 1791 1015 1964 1791 1347 1851 1272 1446 1986 1063 1692 1133 1791 1178 1953 1039 1169 1813 1930 1866 1715 1673 1530 1238 1741 1387 1174 1000 1851 1018 1845 1548 1113 1147 1964 1319 1730 1664 1111 1775 1203 1284 1682 1343 1464 1336 1419 1322 1245 1576 1482 1886 1888 1471 1451 1851 1408 1031 1420 1622 1735 1191 1844 BCNSPRNW ULIB Ver.6.0+V

เปลี่ยนเป็นภาษาไทย

Change to English
 แสดงรายละเอียดบรรณานุกรม
  กลับหน้าหลัก

Brief Record : Get Marc (ISO 2709) : E-mail record : QR code < ปิดหน้าต่าง
LEADER : 00000nam 2200000uu 4500
001    13399111920
003     ULIB
008    110627s2550||||th 000 0 tha d
020    9789747291247
090    นว.^bก124ร 2550
100 0  กนกณัชชา
245 00 รักฉบับกระเป๋า/^cกนกณัชชา
250    พิมพ์ครั้งที่ 1
260    กรุงเทพฯ :^bไฟน์บุ๊ค,^c2550
300    368 หน้า
710 1  ไฟน์บุ๊ค
945    ^p210^l0^i021043
995    ทศพร
999 ^a ใช้งานได้ทุกระบบ
รายการนี้ยังไม่มีแท็ก
คุณยังไม่ได้ล็อกอิน คุณสามารถมีกิจกรรมร่วมกับเว็บไซต์ได้ แต่ต้องล็อกอินก่อน ::
  ล็อกอิน

รายการสื่อสารสนเทศ

ลำดับที่ ประเภท เลขเรียก/บาร์โค้ด สถานที่ สถานะ
- ไม่พบข้อมูล -

BibComment


ยังไม่เคยถูกคอมเมนท์

คอมเมนท์ทรัพยากรรายการนี้
  คอมเมนท์: รักฉบับกระเป๋า กน..


 Copyright 2026. Bcnsprnw @Library